[Event "CE Selecciones Autonómicas U14"]
[Site "Padrón"]
[Date "2017.06.23"]
[Round "3.1"]
[White "Quispe Arteaga, Gabriel"]
[Black "Alonso Garcia, Aaron"]
[Result "1/2-1/2"]
[WhiteElo "2294"]
[BlackElo "2121"]
[PlyCount "48"]
[EventDate "2017.06.22"]
[EventType ""]
[EventRounds "6"]
[EventCountry "ESP"]
[WhiteTeam "Madrid (U14)"]
[BlackTeam "Murcia (U14)"]
[WhiteTeamCountry "ESP"]
[BlackTeamCountry "ESP"]

1. d4 Nf6 2. Nf3 e6 3. e3 b6 4. Bd3 Bb7 5. c4 Bb4+ 6. Nbd2 O-O 7. O-O Bxd2 8.
Nxd2 c5 9. Nb3 d6 10. Bd2 Nc6 11. Bc3 e5 12. d5 Nb4 13. Be2 b5 14. a3 bxc4 15.
Nxc5 dxc5 16. axb4 Nxd5 17. Bxe5 Qg5 18. Bg3 c3 19. bxc5 cxb2 20. Ra3 Nf6 21.
Rb3 Rfd8 22. Qc2 Be4 23. Qxb2 Qxc5 24. Rc1 Qe7 1/2-1/2

[Event "CE Selecciones Autonómicas U14"]
[Site "Padrón"]
[Date "2017.06.23"]
[Round "3.2"]
[White "Jimenez Fernandez, Rebeca"]
[Black "Guillo Longares, Cecilia"]
[Result "0-1"]
[WhiteElo "1697"]
[BlackElo "2017"]
[PlyCount "99"]
[EventDate "2017.06.22"]
[EventType ""]
[EventRounds "6"]
[EventCountry "ESP"]
[WhiteTeam "Murcia (U14)"]
[BlackTeam "Madrid (U14)"]
[WhiteTeamCountry "ESP"]
[BlackTeamCountry "ESP"]

1. e4 c5 2. Nf3 d6 3. d3 g6 4. g3 Bg7 5. Bg2 Nf6 6. O-O O-O 7. Re1 Nc6 8. c3
Ne8 9. Be3 Nc7 10. Qd2 Re8 11. Bh6 Bh8 12. h4 Bg4 13. Nh2 Qd7 14. Nxg4 Qxg4 15.
Qe3 e5 16. Kh2 Qe6 17. Bh3 Qe7 18. Nd2 Ne6 19. h5 Bg7 20. Bxg7 Kxg7 21. h6+ Kg8
22. f4 exf4 23. gxf4 Qh4 24. f5 Ng5 25. fxg6 fxg6 26. Nc4 Rf8 27. Rf1 Qxh6 28.
Nxd6 Ne5 29. Kg2 Qxh3+ 30. Qxh3 Nxh3 31. Kxh3 Nxd3 32. Nxb7 Rab8 33. Nd6 Rxb2
34. Rxf8+ Kxf8 35. Rf1+ Kg8 36. a3 Rb3 37. Rf3 Ne5 38. Re3 Rxa3 39. Nb5 Ra2 40.
Re1 a6 41. Nc7 Ra3 42. Re3 a5 43. Kh4 Ra1 44. Ne6 c4 45. Re2 Kf7 46. Ng5+ Kg7
47. Rf2 Rh1+ 48. Kg3 Rg1+ 49. Kh4 Rh1+ 50. Nh3 0-1

[Event "CE Selecciones Autonómicas U14"]
[Site "Padrón"]
[Date "2017.06.23"]
[Round "3.3"]
[White "Ingunza Curro, Andres"]
[Black "Ruiz Pardo, Claudia"]
[Result "1-0"]
[WhiteElo "1965"]
[BlackElo "1588"]
[PlyCount "67"]
[EventDate "2017.06.22"]
[EventType ""]
[EventRounds "6"]
[EventCountry "ESP"]
[WhiteTeam "Madrid (U14)"]
[BlackTeam "Murcia (U14)"]
[WhiteTeamCountry "ESP"]
[BlackTeamCountry "ESP"]

1. e4 c5 2. Nf3 e6 3. d4 cxd4 4. Nxd4 a6 5. Bd3 Bc5 6. Nb3 Be7 7. O-O Nf6 8.
Qe2 d6 9. c4 Nc6 10. Nc3 O-O 11. Be3 Qc7 12. f4 Bd7 13. Rac1 Nb4 14. Bb1 Rac8
15. a3 Nc6 16. g4 Ne8 17. Rfd1 Na5 18. Nxa5 Qxa5 19. Qd3 g6 20. b4 Qxa3 21. Nd5
Qxd3 22. Nxe7+ Kg7 23. Rxd3 Rb8 24. e5 f6 25. exd6 Kf7 26. c5 Bb5 27. Rd2 Rd8
28. c6 Nxd6 29. c7 Kxe7 30. cxd8=Q+ Rxd8 31. Bc5 Bc6 32. Rcd1 Bf3 33. Rxd6 Bxd1
34. Rxd1+ 1-0

[Event "CE Selecciones Autonómicas U14"]
[Site "Padrón"]
[Date "2017.06.23"]
[Round "3.4"]
[White "Martinez Soriano, Javier"]
[Black "Zhou, Lulu"]
[Result "0-1"]
[WhiteElo "1533"]
[BlackElo "1964"]
[PlyCount "84"]
[EventDate "2017.06.22"]
[EventType ""]
[EventRounds "6"]
[EventCountry "ESP"]
[WhiteTeam "Murcia (U14)"]
[BlackTeam "Madrid (U14)"]
[WhiteTeamCountry "ESP"]
[BlackTeamCountry "ESP"]

1. e4 e5 2. Nf3 Nc6 3. d4 exd4 4. Nxd4 Bc5 5. Nb3 Bb6 6. Nc3 Qf6 7. Qe2 Nge7 8.
Be3 Bxe3 9. Qxe3 a6 10. O-O-O d6 11. Bd3 Be6 12. h3 O-O-O 13. f4 h5 14. f5 Bd7
15. g4 g5 16. Be2 hxg4 17. hxg4 Kb8 18. Nd2 Qg7 19. Nf3 f6 20. Nd5 Rde8 21. Qc3
Nxd5 22. exd5 Rxh1 23. Rxh1 Rxe2 24. dxc6 Bxc6 25. Nd4 Rxc2+ 26. Kxc2 Bxh1 27.
Ne6 Qe7 28. Kd2 Bd5 29. Nd4 Qe5 30. Qe3 Kc8 31. b3 Kd7 32. Kd3 Qxe3+ 33. Kxe3
c5 34. Ne2 Bc6 35. Ng3 d5 36. Kd2 d4 37. Ke2 b5 38. Nf1 Kd6 39. Ng3 Ke5 40. Nh5
c4 41. Kf2 c3 42. Ke2 Bf3+ 0-1

[Event "CE Selecciones Autonómicas U14"]
[Site "Padrón"]
[Date "2017.06.24"]
[Round "4.1"]
[White "Cuellar Montes, Alejandro"]
[Black "Aledo Yanguas, David"]
[Result "1-0"]
[WhiteElo "1942"]
[BlackElo "2015"]
[PlyCount "73"]
[EventDate "2017.06.22"]
[EventType ""]
[EventRounds "6"]
[EventCountry "ESP"]
[WhiteTeam "Andalucia (U14)"]
[BlackTeam "Valencia (U14)"]
[WhiteTeamCountry "ESP"]
[BlackTeamCountry "ESP"]

1. d4 Nf6 2. c4 e5 3. dxe5 Ng4 4. Bf4 g5 5. Bg3 Nc6 6. Nf3 Bg7 7. e3 Ngxe5 8.
Nxe5 Nxe5 9. Nc3 d6 10. Qc2 Be6 11. O-O-O Qe7 12. h4 g4 13. h5 O-O-O 14. h6 Bf6
15. Ne4 Bf5 16. Nxd6+ Rxd6 17. Qxf5+ Kb8 18. Be2 Rb6 19. Rd2 Ra6 20. Rhd1 Rxa2
21. Kb1 Ra5 22. Rd5 Rxd5 23. Rxd5 Ng6 24. Rd7 Qe6 25. Qxe6 fxe6 26. Rxc7 Be5
27. Bxe5 Nxe5 28. Re7 Rf8 29. f4 gxf3 30. gxf3 Nxf3 31. Rxh7 Nd2+ 32. Kc2 Nf1
33. Bxf1 Rxf1 34. Rg7 Rf2+ 35. Kc3 Kc8 36. h7 Rf8 37. Rg8 1-0

[Event "CE Selecciones Autonómicas U14"]
[Site "Padrón"]
[Date "2017.06.24"]
[Round "4.2"]
[White "Garcia Gimenez, Santiago"]
[Black "Clemente Chen, Alfredo"]
[Result "1-0"]
[WhiteElo "1901"]
[BlackElo "1870"]
[PlyCount "65"]
[EventDate "2017.06.22"]
[EventType ""]
[EventRounds "6"]
[EventCountry "ESP"]
[WhiteTeam "Valencia (U14)"]
[BlackTeam "Andalucia (U14)"]
[WhiteTeamCountry "ESP"]
[BlackTeamCountry "ESP"]

1. e4 c5 2. Nf3 e6 3. d4 cxd4 4. Nxd4 Nc6 5. Nc3 Qc7 6. Be2 a6 7. O-O Nf6 8.
Be3 Be7 9. f4 d6 10. Kh1 O-O 11. Qe1 Nxd4 12. Bxd4 b5 13. a3 Bb7 14. Qg3 Rad8
15. Bd3 Ne8 16. Rad1 f5 17. exf5 exf5 18. Qh3 g6 19. Rde1 Bf6 20. Ne2 Bd5 21.
Bxf6 Nxf6 22. Nd4 Rfe8 23. Qg3 Ne4 24. Bxe4 Bxe4 25. Re3 Qc5 26. c3 a5 27. b4
Qd5 28. Rfe1 Ra8 29. Qg5 axb4 30. axb4 Ra2 31. Kg1 Rea8 32. Rxe4 Ra1 33. Re8+
1-0

[Event "CE Selecciones Autonómicas U14"]
[Site "Padrón"]
[Date "2017.06.24"]
[Round "4.3"]
[White "Barrera Garcia, Rocio"]
[Black "Galvan Cipriani, Viviana"]
[Result "0-1"]
[WhiteElo "1591"]
[BlackElo "1892"]
[PlyCount "66"]
[EventDate "2017.06.22"]
[EventType ""]
[EventRounds "6"]
[EventCountry "ESP"]
[WhiteTeam "Andalucia (U14)"]
[BlackTeam "Valencia (U14)"]
[WhiteTeamCountry "ESP"]
[BlackTeamCountry "ESP"]

1. e4 c5 2. Nc3 Nc6 3. f4 e6 4. Nf3 a6 5. g3 g6 6. Bg2 Bg7 7. d3 Nge7 8. O-O
O-O 9. Qe1 Nd4 10. Nxd4 Bxd4+ 11. Kh1 Nc6 12. Ne2 Bg7 13. c3 d6 14. Ng1 f5 15.
Nf3 d5 16. exf5 exf5 17. Qf2 d4 18. c4 b5 19. b3 bxc4 20. bxc4 Rb8 21. Ba3 Qa5
22. Ne1 Ne5 23. fxe5 Qxa3 24. Qf4 Re8 25. e6 Bxe6 26. Rf2 Bf7 27. Rd2 Rb2 28.
Qf2 Rb6 29. Nf3 Bh6 30. Rdd1 Rb2 31. Qf1 Ree2 32. Bh3 Rf2 33. Qe1 Rxf3 0-1

[Event "CE Selecciones Autonómicas U14"]
[Site "Padrón"]
[Date "2017.06.24"]
[Round "4.4"]
[White "Sanleon Pravisano, Nieves"]
[Black "Wang Qiu, Laura"]
[Result "1-0"]
[WhiteElo "1838"]
[BlackElo "1554"]
[PlyCount "81"]
[EventDate "2017.06.22"]
[EventType ""]
[EventRounds "6"]
[EventCountry "ESP"]
[WhiteTeam "Valencia (U14)"]
[BlackTeam "Andalucia (U14)"]
[WhiteTeamCountry "ESP"]
[BlackTeamCountry "ESP"]

1. d4 Nf6 2. c4 e6 3. Nf3 b6 4. g3 Bb7 5. Bg2 Be7 6. Nc3 O-O 7. O-O d5 8. Ne5
Qc8 9. cxd5 exd5 10. Bg5 Rd8 11. Qb3 Qe6 12. Nb5 Na6 13. f4 Ne8 14. f5 Qc8 15.
Bxe7 c5 16. Bxd8 Qxd8 17. Qf3 Qe7 18. g4 cxd4 19. Nxd4 Qxe5 20. Qf4 Qe7 21. g5
Qd6 22. Qh4 Qe5 23. f6 Nc5 24. Nf5 Ne6 25. Ne7+ Kh8 26. g6 h6 27. gxf7 Qe3+ 28.
Kh1 Nxf6 29. Rxf6 Qg5 30. Qxg5 hxg5 31. Rxe6 Kh7 32. Bxd5 Bxd5+ 33. Nxd5 Rd8
34. Rf1 Rxd5 35. f8=Q g4 36. Re7 Rg5 37. Rf5 Kh6 38. Qh8+ Kg6 39. Rxg5+ Kxg5
40. Qxg7+ Kf4 41. Qf6# 1-0

[Event "CE Selecciones Autonómicas U14"]
[Site "Padrón"]
[Date "2017.06.24"]
[Round "4.1"]
[White "Buisac Anadon, Pablo"]
[Black "San Miguel Torre, Saul"]
[Result "1-0"]
[WhiteElo "1679"]
[BlackElo "1233"]
[PlyCount "37"]
[EventDate "2017.06.22"]
[EventType ""]
[EventRounds "6"]
[EventCountry "ESP"]
[WhiteTeam "Aragon (U14)"]
[BlackTeam "Cantabria (U14)"]
[WhiteTeamCountry "ESP"]
[BlackTeamCountry "ESP"]

1. d4 Nf6 2. Nf3 g6 3. Bf4 Bg7 4. e3 O-O 5. Be2 d6 6. h3 c5 7. Nbd2 b6 8. O-O
Bb7 9. c3 Nbd7 10. Re1 a6 11. a4 Ra7 12. Nc4 Qa8 13. Qb3 Bd5 14. Qc2 Be4 15.
Qd1 Re8 16. Bh2 Rc7 17. a5 b5 18. Nb6 c4 19. Nxa8 1-0

[Event "CE Selecciones Autonómicas U14"]
[Site "Padrón"]
[Date "2017.06.24"]
[Round "4.2"]
[White "Gomez Larrinaga, Maria"]
[Black "Hususan, Melisa"]
[Result "1/2-1/2"]
[WhiteElo "1163"]
[BlackElo "1548"]
[PlyCount "70"]
[EventDate "2017.06.22"]
[EventType ""]
[EventRounds "6"]
[EventCountry "ESP"]
[WhiteTeam "Cantabria (U14)"]
[BlackTeam "Aragon (U14)"]
[WhiteTeamCountry "ESP"]
[BlackTeamCountry "ESP"]

1. e4 c5 2. Nc3 Nc6 3. Nf3 d6 4. Bc4 Nf6 5. d3 g6 6. Bg5 Bg7 7. O-O O-O 8. h3
a6 9. Re1 b5 10. Bd5 Nxd5 11. exd5 Ne5 12. Nxe5 Bxe5 13. Bh6 Re8 14. Qd2 Bb7
15. a3 Qd7 16. b4 Rac8 17. bxc5 Rxc5 18. d4 Rxc3 19. Qxc3 Bh8 20. Rad1 Bxd5 21.
Qg3 a5 22. h4 b4 23. axb4 axb4 24. c3 bxc3 25. Qxc3 Qb7 26. Qg3 Qa7 27. Qf4 Qb7
28. Qg4 e5 29. h5 Re6 30. dxe5 dxe5 31. Rb1 Qa7 32. Qb4 Re8 33. Ra1 Qd7 34. Qa4
Bc6 35. Qd1 Qf5 1/2-1/2

[Event "CE Selecciones Autonómicas U14"]
[Site "Padrón"]
[Date "2017.06.24"]
[Round "4.1"]
[White "Gomez Carreno, Martin"]
[Black "Prado Lobo, Jonas"]
[Result "1-0"]
[WhiteElo "2051"]
[BlackElo "2041"]
[PlyCount "45"]
[EventDate "2017.06.22"]
[EventType ""]
[EventRounds "6"]
[EventCountry "ESP"]
[WhiteTeam "Galicia (U14)"]
[BlackTeam "Asturias (U14)"]
[WhiteTeamCountry "ESP"]
[BlackTeamCountry "ESP"]

1. d4 Nf6 2. Bg5 e6 3. e4 h6 4. Bxf6 Qxf6 5. Nc3 Bb4 6. Nf3 d5 7. e5 Qd8 8. a3
Be7 9. Bd3 Nd7 10. O-O c5 11. Re1 O-O 12. Na2 Qb6 13. Rb1 cxd4 14. Nxd4 Nc5 15.
Bf1 Bd7 16. b4 Na4 17. Rb3 Rfc8 18. Qg4 Rc7 19. Rh3 Kh8 20. Ree3 Bf8 21. Rxh6+
Kg8 22. Reh3 f5 23. Qg6 1-0

[Event "CE Selecciones Autonómicas U14"]
[Site "Padrón"]
[Date "2017.06.24"]
[Round "4.2"]
[White "Gonzalez Guedes, Iyan"]
[Black "Fernandez Lopez, Ruben"]
[Result "0-1"]
[WhiteElo "1851"]
[BlackElo "1982"]
[PlyCount "70"]
[EventDate "2017.06.22"]
[EventType ""]
[EventRounds "6"]
[EventCountry "ESP"]
[WhiteTeam "Asturias (U14)"]
[BlackTeam "Galicia (U14)"]
[WhiteTeamCountry "ESP"]
[BlackTeamCountry "ESP"]

1. e4 c5 2. d4 cxd4 3. c3 Nf6 4. e5 Nd5 5. cxd4 e6 6. Nf3 b6 7. Nc3 Nxc3 8.
bxc3 Qc7 9. Qc2 Bb7 10. Bd3 h6 11. a4 d6 12. Ba3 Nd7 13. exd6 Bxd6 14. Bxd6
Qxd6 15. a5 O-O 16. a6 Bxf3 17. gxf3 e5 18. d5 Rac8 19. Qd2 f5 20. Bc2 e4 21.
f4 Qc5 22. Ba4 Nf6 23. Bc6 Rfd8 24. Bb7 Qxc3 25. Qxc3 Rxc3 26. Rd1 Nh5 27. d6
Nxf4 28. O-O Rd3 29. f3 R8xd6 30. Rxd3 exd3 31. Kf2 d2 32. Rd1 Nd3+ 33. Ke2
Nc1+ 34. Ke3 f4+ 35. Kxf4 Nd3+ 0-1

[Event "CE Selecciones Autonómicas U14"]
[Site "Padrón"]
[Date "2017.06.24"]
[Round "4.3"]
[White "Quintas Fernandez, Marta"]
[Black "Bermudez Revuelta, Paula"]
[Result "0-1"]
[WhiteElo "1376"]
[BlackElo "1712"]
[PlyCount "74"]
[EventDate "2017.06.22"]
[EventType ""]
[EventRounds "6"]
[EventCountry "ESP"]
[WhiteTeam "Galicia (U14)"]
[BlackTeam "Asturias (U14)"]
[WhiteTeamCountry "ESP"]
[BlackTeamCountry "ESP"]

1. e4 c5 2. Nc3 Nc6 3. g3 g6 4. Bg2 Bg7 5. Nge2 e6 6. O-O Nge7 7. d3 O-O 8. f4
d6 9. g4 f5 10. Ng3 Nd4 11. g5 Rb8 12. Nce2 Nec6 13. Rb1 Qc7 14. Be3 b5 15. c3
Nxe2+ 16. Nxe2 b4 17. d4 bxc3 18. bxc3 Rxb1 19. Qxb1 Ba6 20. d5 Bxe2 21. Re1
Rb8 22. Qc2 Bb5 23. dxc6 Bxc6 24. exf5 exf5 25. Bxc6 Qxc6 26. Bc1 Re8 27. Rd1
c4 28. Ba3 d5 29. Qd2 Rd8 30. Qb2 Qc7 31. Qc1 Qb6+ 32. Kg2 Qe6 33. Re1 Qc6 34.
Kg1 Re8 35. Rxe8+ Qxe8 36. Qd2 Qe4 37. Bc5 a6 0-1

[Event "CE Selecciones Autonómicas U14"]
[Site "Padrón"]
[Date "2017.06.24"]
[Round "4.4"]
[White "Joglar Garcia, Maria"]
[Black "Quintas Fernandez, Paula"]
[Result "1-0"]
[WhiteElo "1442"]
[BlackElo "1331"]
[PlyCount "123"]
[EventDate "2017.06.22"]
[EventType ""]
[EventRounds "6"]
[EventCountry "ESP"]
[WhiteTeam "Asturias (U14)"]
[BlackTeam "Galicia (U14)"]
[WhiteTeamCountry "ESP"]
[BlackTeamCountry "ESP"]

1. d4 d5 2. Nf3 e6 3. e3 Nf6 4. Bd3 Nbd7 5. b3 Be7 6. Bb2 O-O 7. Nbd2 b6 8. O-O
Bb7 9. Ne5 Nxe5 10. dxe5 Ne4 11. a3 Nxd2 12. Qxd2 c5 13. Qe2 d4 14. exd4 cxd4
15. f4 a5 16. Qh5 g6 17. Qg4 Qd5 18. Rf3 h5 19. Qg3 Qd8 20. Rff1 Bh4 21. Qh3
Qd5 22. Bc4 Qe4 23. Bd3 Qe3+ 24. Qxe3 dxe3 25. Bd4 Bf2+ 26. Kh1 e2 27. Rxf2 Ba6
28. Bxa6 Rxa6 29. Rxe2 Rd8 30. Bc3 Ra7 31. Rd2 Rc8 32. Bb2 Rac7 33. c4 Kg7 34.
h3 h4 35. Rad1 Re7 36. Rd7 Rce8 37. Rxe7 Rxe7 38. Kg1 Kh6 39. Kf2 Kh5 40. Kf3
Rc7 41. Bd4 Rd7 42. Ke2 Rb7 43. Bf2 b5 44. c5 Rc7 45. Rd8 g5 46. fxg5 Kxg5 47.
Kf3 Kf5 48. Bd4 Ra7 49. Ke3 Kg6 50. c6 Rc7 51. Rd6 Kg7 52. Bb6 Rc8 53. c7 f6
54. Rd8 Rxc7 55. Bxc7 f5 56. Bxa5 Kf7 57. a4 bxa4 58. bxa4 Kg6 59. Kf4 Kh5 60.
Bc7 Kg6 61. a5 Kf7 62. a6 1-0

[Event "CE Selecciones Autonómicas U14"]
[Site "Padrón"]
[Date "2017.06.24"]
[Round "4.1"]
[White "Gomila Benejam, Doro"]
[Black "Del Rio Perezagua, Mario"]
[Result "0-1"]
[WhiteElo "1664"]
[BlackElo "1610"]
[PlyCount "76"]
[EventDate "2017.06.22"]
[EventType ""]
[EventRounds "6"]
[EventCountry "ESP"]
[WhiteTeam "Baleares (U14)"]
[BlackTeam "Castilla La Mancha (U14)"]
[WhiteTeamCountry "ESP"]
[BlackTeamCountry "ESP"]

1. e4 c5 2. Nf3 d6 3. Nc3 Nf6 4. d4 cxd4 5. Qxd4 a6 6. e5 Nc6 7. Qa4 dxe5 8.
Nxe5 Bd7 9. Nxd7 Nxd7 10. Bd2 g6 11. O-O-O Bg7 12. g3 O-O 13. Bh3 e6 14. Ne4 b5
15. Qb3 Nd4 16. Qe3 Qc7 17. Bc3 e5 18. Bxd7 Qxd7 19. Bxd4 exd4 20. Qf3 Qc6 21.
Qd3 Rfc8 22. Kb1 a5 23. h4 a4 24. h5 a3 25. h6 Bh8 26. Ng5 Qd5 27. f4 axb2 28.
Qb3 Qxb3 29. cxb3 Rc7 30. Kxb2 Rca7 31. Kc2 Rxa2+ 32. Kd3 R2a3 33. Kc2 Rc8+ 34.
Kb2 b4 35. Rd3 Rca8 36. Rc1 Ra2+ 37. Kb1 Ra1+ 38. Kc2 Rc8+ 0-1

[Event "CE Selecciones Autonómicas U14"]
[Site "Padrón"]
[Date "2017.06.24"]
[Round "4.2"]
[White "Bustos Bernardo, Diego"]
[Black "Ponseti Lluch, Joan"]
[Result "1/2-1/2"]
[WhiteElo "1591"]
[BlackElo "1595"]
[PlyCount "120"]
[EventDate "2017.06.22"]
[EventType ""]
[EventRounds "6"]
[EventCountry "ESP"]
[WhiteTeam "Castilla La Mancha (U14)"]
[BlackTeam "Baleares (U14)"]
[WhiteTeamCountry "ESP"]
[BlackTeamCountry "ESP"]

1. Nf3 Nf6 2. c4 e6 3. Nc3 b6 4. d4 Bb4 5. Qc2 Bb7 6. a3 Bxc3+ 7. Qxc3 O-O 8.
g3 d5 9. Bg2 c5 10. O-O dxc4 11. dxc5 Ne4 12. Qc2 Nxc5 13. Ng5 g6 14. Bxb7 Nxb7
15. Qe4 Qe7 16. Qh4 f6 17. Nf3 Nd6 18. Bd2 a5 19. Bc3 Nc6 20. Qf4 e5 21. Qe3
Rab8 22. Rfd1 Rfd8 23. Rd2 Nf5 24. Qe4 Rxd2 25. Nxd2 Ncd4 26. Nxc4 Qe6 27. Nd2
Nd6 28. Qd3 N6b5 29. e3 Nxc3 30. exd4 Nd5 31. dxe5 Qxe5 32. Nf3 Qe6 33. Nd4 Qd6
34. Re1 Nc7 35. Qc4+ Kh8 36. Nc6 Rf8 37. Re7 Qd1+ 38. Kg2 Qd5+ 39. Qxd5 Nxd5
40. Rd7 Rc8 41. Nxa5 Nf4+ 42. gxf4 bxa5 43. Rd5 Rb8 44. Rxa5 Rxb2 45. Ra7 Rb3
46. a4 f5 47. a5 Ra3 48. a6 Kg8 49. Ra8+ Kg7 50. a7 h6 51. Kf1 Ra2 52. Ke1 Kh7
53. Kd1 Kg7 54. Kc1 Kh7 55. Kb1 Ra6 56. Kb2 Kg7 57. Kb3 Kh7 58. Kb4 Kg7 59. Kb5
Ra1 60. Kb6 Rb1+ 1/2-1/2

[Event "CE Selecciones Autonómicas U14"]
[Site "Padrón"]
[Date "2017.06.24"]
[Round "4.3"]
[White "Cabello Ferrer, Raquel"]
[Black "Roldan Hernandez, Lucia"]
[Result "1/2-1/2"]
[WhiteElo "1539"]
[BlackElo "1510"]
[PlyCount "111"]
[EventDate "2017.06.22"]
[EventType ""]
[EventRounds "6"]
[EventCountry "ESP"]
[WhiteTeam "Baleares (U14)"]
[BlackTeam "Castilla La Mancha (U14)"]
[WhiteTeamCountry "ESP"]
[BlackTeamCountry "ESP"]

1. e4 e5 2. Nf3 Nc6 3. Nc3 Be7 4. Bb5 d6 5. d4 exd4 6. Nxd4 Bd7 7. Nxc6 bxc6 8.
Bc4 Nf6 9. O-O O-O 10. Bg5 Nxe4 11. Bxe7 Nxc3 12. Bxd8 Nxd1 13. Bxc7 Nxb2 14.
Bb3 d5 15. Rab1 Nc4 16. Bxc4 dxc4 17. Rbd1 Be6 18. Rd6 Bd5 19. Re1 Rae8 20.
Rxe8 Rxe8 21. Rd8 Rxd8 22. Bxd8 c3 23. a3 Be4 24. Ba5 Bxc2 25. Bxc3 Kf8 26. Bd4
a6 27. f3 g6 28. Bc5+ Ke8 29. Kf2 Kd7 30. Ke3 Ke6 31. Kd4 Ba4 32. Bb4 Bb5 33.
g3 Be2 34. f4 Kf5 35. Ke3 Bb5 36. Kf3 f6 37. g4+ Ke6 38. Ke4 g5 39. fxg5 fxg5
40. Bd2 Kf6 41. Bc3+ Kg6 42. Kf3 h5 43. gxh5+ Kxh5 44. Kg3 Kg6 45. Bb4 Kf5 46.
Kf3 g4+ 47. Ke3 Ke5 48. Bc5 Kd5 49. Bb4 c5 50. Ba5 Kc4 51. Kd2 Kb3 52. Bb6 c4
53. Bc5 Kb2 54. Bb4 c3+ 55. Bxc3+ Kxa3 56. Ke3 1/2-1/2

[Event "CE Selecciones Autonómicas U14"]
[Site "Padrón"]
[Date "2017.06.24"]
[Round "4.4"]
[White "Periotto Miori, Caterina"]
[Black "Antich Fernandez, Marta Isabel"]
[Result "1/2-1/2"]
[WhiteElo "1275"]
[BlackElo "1259"]
[PlyCount "116"]
[EventDate "2017.06.22"]
[EventType ""]
[EventRounds "6"]
[EventCountry "ESP"]
[WhiteTeam "Castilla La Mancha (U14)"]
[BlackTeam "Baleares (U14)"]
[WhiteTeamCountry "ESP"]
[BlackTeamCountry "ESP"]

1. Nf3 e6 2. d4 d5 3. c4 Nf6 4. Nc3 Bb4 5. Bg5 Nbd7 6. e3 c5 7. Rc1 Qb6 8. Be2
Ne4 9. Bh4 Qa5 10. Qb3 Nb6 11. a3 Bxc3+ 12. bxc3 Na4 13. Qb5+ Qxb5 14. cxb5
Naxc3 15. dxc5 Nxe2 16. Kxe2 O-O 17. Rhd1 b6 18. c6 a6 19. a4 axb5 20. axb5
Ra2+ 21. Ke1 Rb2 22. Rb1 Rxb1 23. Rxb1 f6 24. Nd2 Nxd2 25. Kxd2 g5 26. Bg3 e5
27. f4 gxf4 28. exf4 Bf5 29. Rc1 e4 30. Bf2 Ra8 31. c7 Kf7 32. Bxb6 Ra2+ 33.
Ke1 Ra8 34. Bf2 Bc8 35. Rb1 Ra3 36. Ke2 Ra2+ 37. Ke1 Ra3 38. Ke2 Ra2+ 39. Kf1
Ra3 40. Re1 Rb3 41. b6 Ke7 42. Bc5+ Kd7 43. Re3 Rxe3 44. Bxe3 Kc6 45. Bd4 f5
46. Ke2 Kb5 47. Kd2 Kc4 48. Ke3 h6 49. Bg7 Ba6 50. Be5 Bb7 51. Bg7 Kb5 52. Bd4
Kc6 53. Kf2 Kb5 54. Ke2 Ba6 55. Kd2 Kc6 56. Kc3 Kb5 57. Kb3 h5 58. g3 Bb7
1/2-1/2

[Event "CE Selecciones Autonómicas U14"]
[Site "Padrón"]
[Date "2017.06.24"]
[Round "4.1"]
[White "Perez Guerra, Raul"]
[Black "Gonzalez Munoz, Angel"]
[Result "1-0"]
[WhiteElo "1951"]
[BlackElo "1408"]
[PlyCount "59"]
[EventDate "2017.06.22"]
[EventType ""]
[EventRounds "6"]
[EventCountry "ESP"]
[WhiteTeam "Canarias (U14)"]
[BlackTeam "Extremadura (U14)"]
[WhiteTeamCountry "ESP"]
[BlackTeamCountry "ESP"]

1. e4 c5 2. Nc3 e6 3. g3 Nc6 4. Bg2 g6 5. d3 Bg7 6. Be3 d6 7. Qd2 Nge7 8. Bh6
O-O 9. h4 f5 10. h5 Rf6 11. Nh3 Bxh6 12. Qxh6 Qf8 13. Qd2 a6 14. O-O-O Rb8 15.
Rh2 b5 16. hxg6 h6 17. Rdh1 Rxg6 18. exf5 exf5 19. Nf4 Rf6 20. Ncd5 Kh7 21.
Nxf6+ Qxf6 22. Nd5 Qg7 23. Rxh6+ Kg8 24. Nf6+ Kf7 25. Rh7 Kxf6 26. Rxg7 Kxg7
27. Qg5+ Kf7 28. Rh7+ Ke8 29. Bxc6+ Nxc6 30. Qg8# 1-0

[Event "CE Selecciones Autonómicas U14"]
[Site "Padrón"]
[Date "2017.06.24"]
[Round "4.2"]
[White "Pascual Martinez, Daniel"]
[Black "Rodriguez Redondo, Adhara"]
[Result "0-1"]
[WhiteElo "1274"]
[BlackElo "1782"]
[PlyCount "144"]
[EventDate "2017.06.22"]
[EventType ""]
[EventRounds "6"]
[EventCountry "ESP"]
[WhiteTeam "Extremadura (U14)"]
[BlackTeam "Canarias (U14)"]
[WhiteTeamCountry "ESP"]
[BlackTeamCountry "ESP"]

1. d4 d5 2. Nf3 Nf6 3. e3 e6 4. Bd3 Nbd7 5. Nbd2 Be7 6. O-O O-O 7. c3 c5 8. e4
dxe4 9. Nxe4 Nxe4 10. Bxe4 Nf6 11. Bc2 b6 12. Bg5 Bb7 13. Qd3 Be4 14. Qe2 Bxf3
15. Qxf3 cxd4 16. Rad1 Qd5 17. Qxd5 Nxd5 18. Bxe7 Nxe7 19. Rxd4 Rfd8 20. Rfd1
Nc6 21. Rxd8+ Rxd8 22. Rxd8+ Nxd8 23. Be4 f5 24. Bd3 Kf7 25. Kf1 Kf6 26. Ke2
Ke5 27. Ke3 g5 28. g3 g4 29. b4 Nf7 30. Bb5 Ng5 31. Bc6 Kd6 32. Bb7 Kc7 33. Ba8
e5 34. Bd5 Kd6 35. Bg2 Ne6 36. Bb7 a5 37. a3 h5 38. Bc8 Ng7 39. Bb7 a4 40. Ba6
Ne6 41. Bc8 b5 42. Bb7 Nc7 43. Bc8 Nd5+ 44. Kd3 Ne7 45. Bb7 Kc7 46. Ba8 Nc8 47.
Bd5 Nd6 48. Ke3 Kd7 49. Kd3 Ne8 50. Bf7 Nf6 51. c4 Ne4 52. Ke3 Nd6 53. c5 Nxf7
54. Kd3 Kc6 55. Ke3 Kd5 56. Kd3 Nd8 57. Ke3 Kc4 58. f3 gxf3 59. Kxf3 Kb3 60. h3
Kxa3 61. g4 fxg4+ 62. hxg4 hxg4+ 63. Kxg4 Kxb4 64. Kf5 Kxc5 65. Kxe5 a3 66. Kf6
a2 67. Ke7 Nc6+ 68. Kd7 a1=Q 69. Kc7 Qa7+ 70. Kc8 Ne7+ 71. Kd8 Nd5 72. Ke8 Qe7#
0-1

[Event "CE Selecciones Autonómicas U14"]
[Site "Padrón"]
[Date "2017.06.24"]
[Round "4.1"]
[White "Gutierrez Guillen, Alvaro Jose"]
[Black "Yecora Entrena, Marcos"]
[Result "1/2-1/2"]
[WhiteElo "1561"]
[BlackElo "1398"]
[PlyCount "96"]
[EventDate "2017.06.22"]
[EventType ""]
[EventRounds "6"]
[EventCountry "ESP"]
[WhiteTeam "Castilla y Leon (U14)"]
[BlackTeam "La Rioja (U14)"]
[WhiteTeamCountry "ESP"]
[BlackTeamCountry "ESP"]

1. c4 Nf6 2. Nc3 g6 3. d4 Bg7 4. Nf3 d6 5. Bg5 Nbd7 6. e3 O-O 7. Be2 Re8 8. O-O
e5 9. dxe5 dxe5 10. Qc2 h6 11. Bh4 c6 12. Rad1 Qc7 13. Nd2 Nc5 14. b4 Na6 15.
a3 Bf5 16. e4 Be6 17. c5 Rad8 18. f3 Nb8 19. Nc4 Bxc4 20. Bxc4 b6 21. Bf2 Nbd7
22. Qa2 Re7 23. Rd2 bxc5 24. b5 Nh7 25. bxc6 Qxc6 26. Rfd1 Nhf8 27. Rd6 Qc8 28.
Na4 Rde8 29. Qd2 Qc7 30. Bb5 Rb8 31. Bc4 Nb6 32. Nxb6 axb6 33. Qd5 Ne6 34. Bb5
Nd4 35. Bxd4 cxd4 36. Rc6 Qd7 37. Qc4 Qd8 38. Rc1 Kh7 39. a4 Rd7 40. Qd3 Rbb7
41. Rc8 Qe7 42. Bxd7 Qxd7 43. R8c2 Qxa4 44. Rb2 b5 45. Rcb1 b4 46. Qc4 Bf8 47.
Rf2 Rd7 48. Rc1 Qa3 1/2-1/2